| 000 | 00916nam a2200205Ia 4500 | ||
|---|---|---|---|
| 999 |
_c37876 _d37876 |
||
| 001 | 3854 | ||
| 003 | GE_BSU | ||
| 005 | 20190813154756.0 | ||
| 008 | 181216s1974||||ge |||||||||||||| ||geo|| | ||
| 040 | _cGE_BSU | ||
| 041 | _ageo | ||
| 080 |
_a122/1219 მ–90 _b |
||
| 100 |
_aმშვიდობაძე, თენგიზ _93553 |
||
| 245 |
_aდიალექტიკური მთელი და მომენტი / _cრედ. შ. გაბილაია; დიალექტიკური მატერიალიზმის კათედრა. |
||
| 264 |
_aთბილისი : _bთბილ. უნ-ტის გამ-ბა, _c1974. |
||
| 300 |
_a300 გვ. ; _b22 სმ. |
||
| 653 | _aდიალექტიკური მთელი და მომენტი | ||
| 700 |
_aგაბილაია, შ. _eრედაქტორი _93554 |
||
| 942 |
_cBK _2udc |
||